Kings of Poland - Statistics

General Stats
  • This quiz has been taken 1,626 times
  • The average score is 15 of 27
Answer Stats
Regin Ruler % Correct
992-1025 Bolesław Chrobry
85%
1764-1795 Stanisław August Poniatowski
77%
1333-1370 Kazimierz III Wielki
76%
1025-1031,1032-1034 Mieszko II Lambert
72%
1386-1434 Władysław II Jagiełło
72%
1384-1399 Jadwiga Andegaweńska
69%
1674-1696 Jan III Sobieski
66%
1058-1079 Bolesław II Szczodry
63%
1587-1632 Zygmunt III Waza
61%
1576-1586 Stefan Batory
60%
1306-1333 Władysław I Łokietek
59%
1506-1548 Zygmunt I Stary
57%
1573-1575 Henryk Walezy
55%
1434-1444 Władysław III Warneńczyk
55%
1736-1763 August III Sas
53%
1548-1572 Zygmunt II August
50%
1697-1704, 1709-1733 August II Mocny
47%
1447-1492 Kazimierz IV Jagiellończyk
47%
1669-1673 Michał Korybut Wiśniowiecki
46%
1648-1668 Jan II Kazimierz Waza
44%
1632-1648 Władysław IV Waza
44%
1704-1709, 1733-1736 Stanisław Leszczyński
43%
1492-1501 Jan I Olbracht
42%
1370-1382 Ludwik Węgierski
42%
1290-1291, 1295-1296 Przemysł II
39%
1501-1506 Aleksander Jagiellończyk
37%
1300-1305 Wacław II
34%
No matching quizzes found
Score Distribution
Percent of People with Each Score
Percentile by Number Answered
Your Score History
You have not taken this quiz